| 000 | 00754nam a2200205 4500 | ||
|---|---|---|---|
| 001 | 178882 | ||
| 003 | ES-MaACL | ||
| 005 | 20250907063132.0 | ||
| 008 | 110727s2009 sp |||| |dspa d | ||
| 020 | _a978-84-612-9147-2 | ||
| 080 | _a821.134.2-31"19" | ||
| 100 | 1 |
_aLópez, Pablo, _d1957- _9147435 |
|
| 245 | 1 | 3 |
_aLa república mejor / _cPablo López. |
| 260 |
_a[Madrid] : _bP. López, _c2009 ( _eTres Cantos, Madrid : _fGrafisus) |
||
| 300 |
_a382 p. ; _c24 cm. |
||
| 852 |
_aES-MaACL _jA-11379 _zDedicatoria autógrafa del autor _9185748 _bR.145860 _cDEPO1 _dOlim: N-4383 _xDonación: Pablo López Gómez |
||
| 903 |
_aLópez, Pablo, _d1957- _ednr _9147435 |
||
| 942 |
_2udc _cMONOGRAFIA |
||
| 999 |
_c178882 _d178882 |
||